00441nam a22001697a 450000500170000000800410001702000180005804000210007604100080009708200190010510000240012424500330014826000350018130000100021665000160022665000290024220230610132312.0230610b ||||| |||| 00| 0 eng d a9789382951926 aIN-DiNCcIN-DiNC dasm a808.80353bKHE aKhera, Shiveauthor aBijay aponar/cby Shiv Khera aNew Delhi:bBloomsbury,c2016. a300p. aYou can win aSuccess mantra or story